000 00691nam a2200277Ia 4500
005 20260324114624.0
008 008 260324s9999 xx 000 0 eng d
020 _a9781003257745
037 _aEBOOK
040 _aCRL
040 _beng
040 _cCRL
041 _2eng
041 _aeng
084 _qCRL
100 _aRobert R. Reitano
_91042082
245 0 _aFoundations of Quantitative Finance, Book I: Measure Spaces and Measurable Functions
260 _bTaylor and Francis
260 _c2022
365 _a
365 _b400
856 _uhttp://www.taylorfrancis.com/books/9781003257745
942 _cEBOOK
999 _c1741791
_d1741791